| 000 | 00596nam a2200229Ia 4500 | ||
|---|---|---|---|
| 003 | OSt | ||
| 005 | 20221006164711.0 | ||
| 006 | a|||||r|||| 00| 0 | ||
| 007 | ta | ||
| 008 | 221006b |||||||| |||| 00| 0 eng d | ||
| 024 | _a1,787 | ||
| 037 | _cTextual | ||
| 040 |
_aFML _cFML _beng |
||
| 041 |
_2eng _aeng |
||
| 082 | _aNk1,N7, L7 | ||
| 100 |
_aMyers Bernard Ed. _9678138 |
||
| 245 | 0 | _aThe Macmillan Encyclapedia of Art | |
| 260 |
_aLondon _bMacmillan _c1977 |
||
| 300 |
_a320 _ccm. |
||
| 942 |
_hNk1,N7, L7 _cTEXL _2CC |
||
| 999 |
_c1118158 _d1118158 |
||